|
|
|
|
| LEADER |
01041nab#a2200313#ar4500 |
| 001 |
000073797 |
| 003 |
SVKKK |
| 005 |
20040212xxxxxxx. |
| 008 |
06 c xo huno |
| FMT |
|
|
|
| 038 |
|
|
|a SVKKK
|
| 040 |
|
|
|a SVKKK
|b slo
|e AACR2
|
| 041 |
0 |
|
|a hun
|
| 044 |
|
|
|a xo
|c SK
|
| 080 |
|
|
|a 656.2-051
|
| 242 |
1 |
0 |
|a Preloženie železničiarov
|
| 245 |
0 |
0 |
|a Vasutasok áthelyezése
|
| 500 |
|
|
|a mikrofilm
|
| 520 |
2 |
|
|a Správa o vzájomnom preložení technických praktikantov železnice Mórica (Mór) Schäffera z Humenného a Henricha (Henrik) Grosza z Füzesabony v decembri roku 1909.
|
| 650 |
0 |
4 |
|a Schäffer, Móric (praktikant technický) - železnica, Humenné - Grosz, Henrich (praktikant technický) - železnica, Füzesabony (HU) - preloženie vzájomné - december 1909 - správy
|
| 773 |
0 |
|
|t Felvidéki Hirlap
|g Roč. 2, č. 50 (12.12.1909) s. 2
|
| 957 |
|
|
|a Füzesabony (HU)
|
| 957 |
|
|
|a Humenné
|
| 958 |
|
|
|a DG
|
| 958 |
|
|
|a SK
|
| 974 |
|
|
|a Ba
|d 20040212
|
| 992 |
|
|
|a RBX
|
| BAS |
|
|
|
| 998 |
|
|
|a RETRO
|